Bases educativas de la actividad física y el deporte /

保存先:
書誌詳細
第一著者: Vázquez Gómez, Benilde (coordinación)
フォーマット: 図書
言語:スペイン語
出版事項: Madrid, España : Síntesis, 2001, c2001
シリーズ:(Actividad Física y Deporte. Enseñanza y Bases Educativas ; 1)
主題:
タグ: タグ追加
タグなし, このレコードへの初めてのタグを付けませんか!

MARC

LEADER 00000nam^a2200000^a^4500
001 000399399
005 20250521000000.0
009 20260310121550.637
020 |a 84-7738-887-3 
037 |a Acervo ITESO - Biblioteca 
041 |a ESP 
082 |a 613. 7  |b VAZ 
100 |a Vázquez Gómez, Benilde  |e (coordinación) 
245 1 0 |a Bases educativas de la actividad física y el deporte /  |c Coord. e introd. de B. Vázquez Gómez. 
264 4 |a Madrid, España :  |b Síntesis,  |c 2001, c2001 
300 |a 398 p. 
336 |a texto  |b txt  |2 rdacontenido 
337 |a sin mediación  |b n  |2 rdamedio 
338 |a volumen  |b nc  |2 rdasoporte 
440 1 |a (Actividad Física y Deporte.  |p Enseñanza y Bases Educativas ;  |v 1) 
521 |a FIL 2017 EEnlace Centro de Educación Física y Salud Integral 
649 |a XX 
650 |a Comportamiento del Alumno 
650 |a Psicomotricidad 
650 |a Autoconcepto 
650 |a Percepción 
650 |a Atención 
650 |a Motivación 
650 |a Afectividad 
650 |a Psicología Cognitiva 
650 |a Psicología Educativa 
650 |a Interacción en la Educación 
650 |a Formación y Capacitación de Profesores 
650 |a Docencia 
650 |a Proceso Educativo 
650 |a Currículo 
650 |a Reforma Educativa -  |z España -  |x Historia -  |y Juan Carlos I, 1975-2014 
650 |a Deportes -  |x Aspectos Eticos 
650 |a Deportes -  |x Estudio y Enseñanza -  |x Tema Principal 
650 |a Educación Física -  |z España 
650 |a Educación Física -  |x Tema Principal 
910 |a Fondo General 
920 |a Impresos - Libros 
930 |a Colección General 
905 |a 101 
901 |a 0500294565  |b IT1  |c ACC  |i c157796  |u 20250521 
902 |a https://opac.biblio.iteso.mx/vufind/Record/000399399